000 00817nam a2200169 i 4500
001 184687
003 ES-MaACL
005 20230906222243.0
008 151113s1839 sp |||| | spa d
080 _a821.134.2'282(460.12)-14(082.2)
245 0 0 _aColección de poesías en dialecto asturiano :
_bcomprende las más selectas de D. Antonio González Reguera, Don Francisco Bernaldo de Quirós y Benavides, Don Antonio Balvidares, Don Bruno Fernandez y Doña Josefa Jovellanos, con otras varias de autores desconocidos.
260 _a[S.l. :
_b[s.n.],
_c1839 (
_eOviedo :
_fimp. de Benito González y Compañía)
300 _aIX, 276 p. ;
_c21 cm.
546 _aTexto en bable; introducción en castellano.
650 4 _aPoesías españolas-
_zAsturias (Comunidad Autónoma)
_9158127
852 _aES-MaACL
_jG-14028
999 _c184687
_d184687